Semantičeskije tranformacii anglojazyčnoj glogoľnoj leksiki v russkom jazyke
Príspevok sa zaoberá sémantickými transformáciami prevzatých lexém v procese ich asimilácie v ruskom jazyku. Účelom článku je zovšeobecniť príčiny sémantických premien a ilustrovať ich na modernom materiáli verbálnych neologizmov utvorených z anglického kmeňa.
Guardado en:
| Autor principal: | |
|---|---|
| Formato: | Capítulo de libro |
| Lenguaje: | ruso |
| Materias: | |
| Etiquetas: |
Sin Etiquetas, Sea el primero en etiquetar este registro!
|
MARC
| LEADER | 00000naa$a2200000$$$4500 | ||
|---|---|---|---|
| 001 | 0307960 | ||
| 005 | 20250410132819.1 | ||
| 041 | 0 | |a rus | |
| 044 | |a RU | ||
| 245 | 1 | 0 | |a Semantičeskije tranformacii anglojazyčnoj glogoľnoj leksiki v russkom jazyke |c Elena Markova |
| 520 | |a Príspevok sa zaoberá sémantickými transformáciami prevzatých lexém v procese ich asimilácie v ruskom jazyku. Účelom článku je zovšeobecniť príčiny sémantických premien a ilustrovať ich na modernom materiáli verbálnych neologizmov utvorených z anglického kmeňa. | ||
| 610 | 2 | 0 | |a sémantika |
| 610 | 2 | 0 | |a transformácia |
| 610 | 2 | 0 | |a angličtina |
| 610 | 2 | 0 | |a ruština |
| 610 | 2 | 0 | |a jazyky cudzie |
| 610 | 2 | 0 | |a jazyk odborný |
| 610 | 2 | 0 | |a lexikológia |
| 100 | 1 | |a Markova, Elena, 1960- | |